[Event "Dubai op-A 25th"]
[Site "Dubai"]
[Date "2025.05.29"]
[Round "3"]
[White "Shyam, Sundar M"]
[Black "Movahed, Sina"]
[Result "1/2-1/2"]
[WhiteElo "2462"]
[BlackElo "2518"]
[PlyCount "86"]
[EventDate "2025.05.27"]
[EventType "swiss"]
[EventRounds "9"]
[EventCountry "UAE"]
[SourceTitle "CB23_2025"]
[SourceDate "2025.06.04"]
[SourceVersion "1"]
[SourceVersionDate "2025.06.04"]
[SourceQuality "1"]

1. c4 e5 2. g3 f5 3. Nc3 d6 4. Bg2 Nf6 5. d3 Be7 6. e4 0-0 7. Nge2 fxe4 8. dxe4 Be6 9. b3 Nbd7 10. h3 Qe8 11. f4 exf4 12. Nxf4 Bf7 13. 0-0 c6 14. Be3 Ne5 15. Qd2 a6 16. a4 a5 17. Rae1 Nfd7 18. Nce2 Nc5 19. Nd4 Qd7 20. Qc2 Rfe8 21. Rd1 Bf8 22. Nf5 Qc7 23. Ne2 b5 24. axb5 cxb5 25. Nc3 bxc4 26. Nb5 cxb3 27. Qc3 Qb8 28. Nfxd6 Na4 29. Qd4 Re6 30. Nxf7 Qxb5 31. Qd5 Qxd5 32. exd5 Ree8 33. Nxe5 Rxe5 34. d6 Rd8 35. Bf4 Rc5 36. Bd5+ Rxd5 37. Rxd5 Nc3 38. Rxa5 b2 39. Bg5 Rxd6 40. Ra8 h6 41. Raxf8+ Kh7 42. Rb8 b1Q 43. Rfxb1 Nxb1 1/2-1/2

[Event "Sharjah Masters-A 8th"]
[Site "Sharjah"]
[Date "2025.05.25"]
[Round "9"]
[White "Iniyan, Panneerseluam"]
[Black "Movahed, Sina"]
[Result "0-1"]
[WhiteElo "2573"]
[BlackElo "2518"]
[PlyCount "84"]
[EventDate "2025.05.17"]
[EventType "swiss"]
[EventRounds "9"]
[EventCountry "UAE"]
[SourceTitle "CB22_2025"]
[SourceDate "2025.05.28"]
[SourceVersion "1"]
[SourceVersionDate "2025.05.28"]
[SourceQuality "1"]

1. d4 Nf6 2. c4 e6 3. Nf3 d5 4. Nc3 dxc4 5. e3 a6 6. a4 b6 7. Bxc4 Bb7 8. 0-0 Nbd7 9. Qe2 Bb4 10. Bd3 Qe7 11. e4 e5 12. Na2 Bd6 13. Nh4 g6 14. f4 exd4 15. e5 Bc5 16. b4 Nd5 17. bxc5 Qxh4 18. e6 Nxc5 19. exf7+ Kxf7 20. Bc4 Rad8 21. Bb2 Rhe8 22. Qd2 Re4 23. Nb4 Ke8 24. Bxd5 Bxd5 25. Rae1 Qe7 26. Rxe4 Nxe4 27. Qxd4 Bb7 28. Qh8+ Kd7 29. Rd1+ Kc8 30. Rxd8+ Qxd8 31. g4 Qxh8 32. Bxh8 a5 33. Nd3 Bc6 34. f5 gxf5 35. gxf5 Nd6 36. f6 Nf7 37. Bg7 Bxa4 38. Kf2 Bb5 39. Nf4 a4 40. Bf8 c5 41. Nd5 Kb7 42. Nc3 a3 0-1

[Event "Sharjah Masters-A 8th"]
[Site "Sharjah"]
[Date "2025.05.21"]
[Round "5"]
[White "Vakhidov, Jahongir"]
[Black "Movahed, Sina"]
[Result "0-1"]
[WhiteElo "2546"]
[BlackElo "2518"]
[PlyCount "140"]
[EventDate "2025.05.17"]
[EventType "swiss"]
[EventRounds "9"]
[EventCountry "UAE"]
[SourceTitle "CB22_2025"]
[SourceDate "2025.05.28"]
[SourceVersion "1"]
[SourceVersionDate "2025.05.28"]
[SourceQuality "1"]

1. d4 Nf6 2. c4 e6 3. Nf3 d5 4. g3 Bb4+ 5. Bd2 Be7 6. Bg2 0-0 7. 0-0 c6 8. Qc2 Nbd7 9. Rd1 a5 10. Bf4 a4 11. a3 h6 12. Nc3 Qa5 13. c5 b6 14. Bc7 Bd8 15. cxb6 Bxc7 16. bxc7 Bb7 17. Nd2 Rfc8 18. e4 Ne8 19. b4 axb3 20. Nxb3 Qxc7 21. Rdc1 Nd6 22. Nd2 Qa5 23. Qd1 Qa7 24. Nb3 Ba6 25. e5 Nf5 26. Bh3 Bc4 27. Bxf5 exf5 28. Ne2 Qa4 29. Rc3 Rcb8 30. Nec1 c5 31. f4 Rb5 32. Qc2 Rab8 33. Nxc5 Nxc5 34. dxc5 Qa5 35. Nd3 Bb3 36. Qb2 d4 37. Rcc1 Be6 38. Qxd4 Rd8 39. Qc3 Qa7 40. Nb4 Rc8 41. Nd3 Rb3 42. Qd4 Kh7 43. Nb4 Rc7 44. Qf2 Rd7 45. Rab1 Qxa3 46. Nc2 Rxb1 47. Rxb1 Qc3 48. Re1 Bc4 49. Re3 Rd1+ 50. Ne1 Qd4 51. c6 Rd2 52. Nf3 Qa1+ 53. Re1 Rxf2 54. Rxa1 Rxf3 55. c7 Be6 56. Rc1 Bc8 57. Rc6 g6 58. Kg2 Rb3 59. Rc2 Kg7 60. h4 h5 61. Kf2 Rb7 62. Ke3 Kf8 63. Kd4 Ke7 64. Rc6 Rb3 65. Rd6 Rb7 66. Rc6 Ra7 67. Kd5 Ra3 68. Kd4 Rxg3 69. Rd6 Rf3 70. Rd8 Rxf4+ 0-1

[Event "Asia-ch Blitz"]
[Site "Al Ain"]
[Date "2025.05.10"]
[Round "7"]
[White "Aradhya, Garg"]
[Black "Movahed, Sina"]
[Result "0-1"]
[WhiteElo "2383"]
[BlackElo "2518"]
[PlyCount "122"]
[EventDate "2025.05.10"]
[EventType "swiss (blitz)"]
[EventRounds "9"]
[EventCountry "UAE"]
[SourceTitle "CB20_2025"]
[SourceDate "2025.05.14"]
[SourceVersion "1"]
[SourceVersionDate "2025.05.14"]
[SourceQuality "1"]

1. d4 Nf6 2. c4 g6 3. g3 Bg7 4. Bg2 0-0 5. Nc3 d6 6. Nf3 Nbd7 7. 0-0 e5 8. h3 Re8 9. Re1 exd4 10. Nxd4 Nc5 11. e4 h6 12. Nb3 Ne6 13. f4 a5 14. a4 Bd7 15. Kh2 Bc6 16. Be3 Nd7 17. Qc2 Ndc5 18. Rad1 Nxa4 19. Nxa4 Bxa4 20. e5 Rb8 21. c5 Qd7 22. exd6 Qb5 23. Bd5 cxd6 24. cxd6 Rbd8 25. Bc4 Qc6 26. Qd3 Rxd6 27. Qxd6 Qxc4 28. Nxa5 Qb5 29. Qd5 Qb4 30. Bd2 Qe7 31. Qxb7 Qxb7 32. Nxb7 Bxd1 33. Rxd1 Rb8 34. Na5 Rxb2 35. Kh1 Rc2 36. Be1 Nd4 37. Kg1 Nf3+ 38. Kf1 Bd4 39. Rxd4 Nxd4 40. Bf2 Ne6 41. Nb3 Kg7 42. Nd4 Nxd4 43. Bxd4+ Kf8 44. Bf2 Ke7 45. Kg2 Ke6 46. Kf3 Rc3+ 47. Ke4 Rc4+ 48. Kf3 Kd5 49. g4 Rc3+ 50. Be3 f5 51. gxf5 gxf5 52. h4 h5 53. Ke2 Ke4 54. Bd2 Rh3 55. Ba5 Kxf4 56. Bd8 Ke4 57. Bg5 f4 58. Kf2 Rh2+ 59. Kg1 Ra2 60. Kf1 Kf3 61. Ke1 Kg3 0-1

[Event "Asia-ch"]
[Site "Al Ain"]
[Date "2025.05.09"]
[Round "3"]
[White "Atakhan, Abtin"]
[Black "Movahed, Sina"]
[Result "0-1"]
[WhiteElo "2410"]
[BlackElo "2518"]
[PlyCount "64"]
[EventDate "2025.05.07"]
[EventType "swiss"]
[EventRounds "9"]
[EventCountry "UAE"]
[SourceTitle "CB21_2025"]
[SourceDate "2025.05.21"]
[SourceVersion "1"]
[SourceVersionDate "2025.05.21"]
[SourceQuality "1"]

1. Nf3 Nf6 2. b3 d5 3. Bb2 Bf5 4. Nh4 Bd7 5. e3 c5 6. d4 Nc6 7. Nd2 cxd4 8. exd4 e5 9. Nhf3 e4 10. Ne5 Bd6 11. Be2 0-0 12. c4 Re8 13. Nxd7 Qxd7 14. 0-0 Bf4 15. g3 Bh6 16. cxd5 Nxd5 17. Nc4 Rad8 18. Ne5 Qe6 19. Qe1 Nxe5 20. dxe5 Nf4 21. gxf4 Bxf4 22. f3 Qh3 23. Rf2 e3 24. Rg2 Re6 25. Rd1 Rd2 26. Rxd2 exd2 27. Qd1 Rg6 28. Rxg6 Qxh2+ 29. Kf1 Be3 30. Rxg7+ Kxg7 31. e6+ f6 32. Bxf6+ Kg8 0-1

[Event "Yerevan op-A 6th"]
[Site "Yerevan"]
[Date "2024.12.09"]
[Round "7"]
[White "Movahed, Sina"]
[Black "Aleksandrov, Aleksej"]
[Result "1/2-1/2"]
[WhiteElo "2518"]
[BlackElo "2425"]
[PlyCount "98"]
[EventDate "2024.12.05"]
[EventType "swiss"]
[EventRounds "9"]
[EventCountry "ARM"]
[SourceTitle "CB51_2024"]
[SourceDate "2024.12.18"]
[SourceVersion "1"]
[SourceVersionDate "2024.12.18"]
[SourceQuality "1"]

1. e4 e5 2. Nf3 Nc6 3. Bb5 Nf6 4. d3 Bc5 5. c3 0-0 6. 0-0 d5 7. exd5 Qxd5 8. Bc4 Qd8 9. b4 Bd6 10. Nbd2 h6 11. Re1 Re8 12. a4 Bf5 13. Qb3 Qd7 14. Ne4 Nxe4 15. dxe4 Be6 16. Be3 a6 17. Rad1 b5 18. Bxe6 Qxe6 19. Qxe6 Rxe6 20. axb5 axb5 21. Rd5 Rb8 22. Ra1 Kf8 23. Nd2 Ree8 24. Nb3 Ra8 25. Rxb5 Rxa1+ 26. Nxa1 Ra8 27. Nc2 Ra2 28. Ne1 Ra3 29. Bd2 Ra2 30. Bc1 Ra1 31. Nd3 Be7 32. h4 Bxh4 33. Rc5 Nd8 34. Kh2 Bxf2 35. Nxf2 Ne6 36. Rc6 Rxc1 37. Nd3 Rc2 38. Nc5 Nf4 39. Rxc7 Rxg2+ 40. Kh1 Rb2 41. Nd7+ Ke7 42. Nxe5+ Kf6 43. Nc4 Rb3 44. Nd6 Ke5 45. Nc4+ Kf6 46. Ne3 Ke5 47. Nc4+ Kf6 48. Nd6 Ke5 49. Rc6 Ne2 1/2-1/2

[Event "Yerevan op-A 6th"]
[Site "Yerevan"]
[Date "2024.12.08"]
[Round "5"]
[White "Agasarov, Benik"]
[Black "Movahed, Sina"]
[Result "0-1"]
[WhiteElo "2396"]
[BlackElo "2518"]
[PlyCount "192"]
[EventDate "2024.12.05"]
[EventType "swiss"]
[EventRounds "9"]
[EventCountry "ARM"]
[SourceTitle "CB51_2024"]
[SourceDate "2024.12.18"]
[SourceVersion "1"]
[SourceVersionDate "2024.12.18"]
[SourceQuality "1"]

1. d4 Nf6 2. c4 g6 3. Nc3 Bg7 4. e4 d6 5. Bd3 0-0 6. Nge2 e5 7. d5 a5 8. f3 Na6 9. Be3 Nd7 10. a3 Nac5 11. b3 Nxd3+ 12. Qxd3 f5 13. Kd2 Nf6 14. h3 Nh5 15. g4 fxe4 16. Nxe4 Nf6 17. h4 Qe8 18. N2c3 Nxe4+ 19. Qxe4 Bd7 20. a4 h6 21. Raf1 c6 22. h5 g5 23. Qg6 Qxg6 24. hxg6 Be8 25. Ne4 Bxg6 26. Nxd6 cxd5 27. cxd5 Rad8 28. Ne4 Rxf3 29. Nc3 e4 30. Rxf3 exf3 31. Bb6 Rd6 32. Bxa5 Rf6 33. Bc7 Rf7 34. Bb6 f2 35. Rf1 Rf3 36. Nb5 Rd3+ 37. Ke2 Rxd5 38. Kxf2 Rd2+ 39. Ke1 Rb2 40. Rf3 Rg2 41. Nd6 Rxg4 42. Re3 h5 43. Nxb7 h4 44. a5 Rg1+ 45. Kf2 Ra1 46. Re1 Ra3 47. Bc5 Ra2+ 48. Re2 Ra1 49. Re1 Rxe1 50. Kxe1 Be4 51. Nd6 Bd5 52. Nf5 h3 53. Bd6 Bf8 54. Bc7 Bc5 55. b4 Bxb4+ 56. Kf2 Be4 57. Nh6+ Kh7 58. Ng4 Kg6 59. a6 Bf5 60. Kf3 Bc5 61. Kg3 Bc8 62. Bb8 Bxa6 63. Kxh3 Be2 64. Kg3 Bb4 65. Ne5+ Kh5 66. Kf2 Bd1 67. Kg2 Bb3 68. Bc7 Bd5+ 69. Kh2 Bd2 70. Nd3 Kg4 71. Bb8 Kf3 72. Ne5+ Ke4 73. Ng4 Be6 74. Nf2+ Kf3 75. Nd3 Ke2 76. Nc5 Bf5 77. Kg3 Be1+ 78. Kg2 Bf2 79. Nb3 Be3 80. Be5 Kd3 81. Kf3 Be6 82. Na5 Bd2 83. Bc7 g4+ 84. Kf2 Be3+ 85. Kg3 Ke2 86. Nc6 Bf2+ 87. Kh2 Bd5 88. Nb4 Be4 89. Na2 Kf3 90. Nc3 g3+ 91. Bxg3 Bxg3+ 92. Kg1 Bf2+ 93. Kh1 Bc6 94. Kh2 Be1 95. Nd1 Ke2 96. Nb2 Bb5 0-1

[Event "Yerevan op-A 6th"]
[Site "Yerevan"]
[Date "2024.12.07"]
[Round "4"]
[White "Movahed, Sina"]
[Black "Petukhov, Dmitriy"]
[Result "1-0"]
[WhiteElo "2518"]
[BlackElo "2246"]
[PlyCount "55"]
[EventDate "2024.12.05"]
[EventType "swiss"]
[EventRounds "9"]
[EventCountry "ARM"]
[SourceTitle "CB51_2024"]
[SourceDate "2024.12.18"]
[SourceVersion "1"]
[SourceVersionDate "2024.12.18"]
[SourceQuality "1"]

1. e4 c5 2. Nf3 d6 3. d4 cxd4 4. Nxd4 Nf6 5. Nc3 a6 6. Qd3 Nbd7 7. Be2 e6 8. a4 b6 9. 0-0 Bb7 10. Qg3 h5 11. Bg5 Be7 12. Bc4 Nc5 13. f3 Rc8 14. Ba2 Qc7 15. Rad1 Rg8 16. Rfe1 Ncd7 17. Kh1 Ne5 18. Nxe6 fxe6 19. Bxe6 Rh8 20. Bh4 Kf8 21. Ne2 Bc6 22. Nf4 Bxa4 23. Nd5 Nxd5 24. exd5 Bxh4 25. Qxh4 Bd7 26. Qf4+ Ke8 27. Rxe5 Rf8 28. Bf7+ 1-0

[Event "Riffa Gymnasiade op"]
[Site "Riffa"]
[Date "2024.10.28"]
[Round "7"]
[White "Movahed, Sina"]
[Black "Ashraf, Artin"]
[Result "1-0"]
[WhiteElo "2518"]
[BlackElo "2388"]
[PlyCount "93"]
[EventDate "2024.10.25"]
[EventType "swiss (rapid)"]
[EventRounds "9"]
[EventCountry "BRN"]
[SourceTitle "CB45_2024"]
[Source "ChessBase"]
[SourceDate "2024.11.06"]
[SourceVersion "1"]
[SourceVersionDate "2024.11.06"]
[SourceQuality "1"]

1. e4 e5 2. Nf3 Nc6 3. Bb5 a6 4. Ba4 d6 5. 0-0 Bd7 6. c3 g5 7. d4 g4 8. Ne1 h5 9. f4 exd4 10. cxd4 d5 11. Nc3 dxe4 12. d5 Nce7 13. f5 Bg7 14. Bg5 Bxa4 15. Qxa4+ b5 16. Qxe4 Nf6 17. Bxf6 Bxf6 18. d6 cxd6 19. Nd5 Be5 20. Nc7+ Qxc7 21. Qxa8+ Kd7 22. Qxa6 Bd4+ 23. Kh1 Qc6 24. Qxc6+ Nxc6 25. Nd3 d5 26. a4 bxa4 27. Rxa4 Rb8 28. b4 Be3 29. g3 d4 30. f6 Rb5 31. Ra6 Kc7 32. Ra4 Kd6 33. Ra8 Rb7 34. Rb1 Rb5 35. Rf8 Ke6 36. Rf1 Nxb4 37. Re8+ Kd6 38. Rb1 Bd2 39. Rd8+ Kc6 40. Nxb4+ Rxb4 41. Rxb4 Bxb4 42. Rxd4 Ba3 43. Ra4 Bb2 44. Ra7 Kd6 45. Rxf7 Ke6 46. Rh7 Bxf6 47. Rxh5 1-0

[Event "Olympiad-45"]
[Site "Budapest"]
[Date "2024.09.12"]
[Round "2.10"]
[White "Movahed, Sina"]
[Black "Santos, Jose Guilherme B Li"]
[Result "1-0"]
[WhiteElo "2528"]
[BlackElo "2411"]
[PlyCount "97"]
[EventDate "2024.09.11"]
[EventType "team-swiss"]
[EventRounds "11"]
[EventCountry "HUN"]
[SourceTitle "EXT 2025"]
[Source "ChessBase"]
[SourceDate "2024.10.14"]
[SourceVersion "1"]
[SourceVersionDate "2024.10.14"]
[SourceQuality "1"]
[WhiteTeam "Iran"]
[BlackTeam "Portugal"]
[WhiteTeamCountry "IRI"]
[BlackTeamCountry "POR"]

1. e4 e5 2. Nf3 Nc6 3. Bb5 a6 4. Ba4 Nf6 5. 0-0 Be7 6. d3 b5 7. Bb3 d6 8. Bd2 0-0 9. h3 Bd7 10. Re1 h6 11. c4 b4 12. a3 a5 13. Be3 Re8 14. Nbd2 Bf8 15. Rc1 Be6 16. Kh2 Nb8 17. d4 exd4 18. Nxd4 Bd7 19. Bc2 c5 20. Ne2 Bc6 21. Ng3 Nbd7 22. f4 g6 23. Bf2 h5 24. Ngf1 Bh6 25. Qf3 Nh7 26. Rb1 Qf6 27. g3 bxa3 28. bxa3 Rab8 29. Ne3 Qc3 30. Qd1 h4 31. Ng4 hxg3+ 32. Bxg3 Bg7 33. Rxb8 Rxb8 34. Re3 Qa1 35. Rd3 Qxd1 36. Bxd1 Bf8 37. Bf3 Rb2 38. Kg1 Ndf6 39. Ne3 Ra2 40. Kf1 Rb2 41. h4 Nh5 42. Bxh5 gxh5 43. Nd5 Kg7 44. e5 dxe5 45. fxe5 Kg6 46. Ne4 Kf5 47. Nd6+ Bxd6 48. exd6 Ke6 49. Re3+ 1-0